| 000 | 00957cam a2200265 a 4500 | ||
|---|---|---|---|
| 001 | 000024510 | ||
| 005 | 20200930023218.0 | ||
| 008 | 850726s1996 xxua 000 | spa d | ||
| 020 | _a0881133795 | ||
| 040 |
_aDO-SdBNP _bspa _cBNPHU |
||
| 041 | 1 | 7 |
_aeng _hspa _2Código de idioma MARC |
| 082 |
_a113.8 _bD635f |
||
| 100 | 1 |
_aDobson, James _941591 |
|
| 240 | 1 | 0 |
_aLife on the edge. _lEspañol |
| 245 | 1 | 0 |
_aFrente a la vida : _bun plan para disfrutar una vida de sentido y realización / _cJames Dobson ; traducción Eugenio Orellana. |
| 260 |
_aNashville, (Estados Unidos) : _bEditorial Caribe, _c1996. |
||
| 300 |
_a233 p. : _bil. ; _c22 cm. |
||
| 504 | _aIncluye referencias bibliográficas | ||
| 534 |
_aTítulo original en inglés : _tLife on the edge |
||
| 650 | 4 |
_aFilosofía de la vida _950227 |
|
| 650 | 4 |
_aVida (filosofía) _950228 |
|
| 650 | 4 |
_aVida _xAspectos filosóficos _950229 |
|
| 700 | 1 |
_aOrellana, Eugenio, _etr. _911497 |
|
| 049 | _aBNGR | ||
| 999 |
_c24003 _d24003 |
||